000 00253nam a2200109Ia 4500
008 190912s9999||||xx |||||||||||||| ||und||
100 _aLay,David C.
245 0 _aLinear Algebra
260 _aNew Delhi
_bEducation InC
_c1993
300 _a112
942 _cBK
999 _c7604
_d7604